Pleteme pro celou rodinu /

Main Author: Hrubá, Věra
Other Authors: Duba, Michael
Language: Czech
Published: Praha : TEPS místního hospodářství, 1987
Edition: 1. vyd.
Series: Dana
Physical Description: 49 s. : il. (převážně barev.) ; 28 cm
Book
Saved in:
LEADER 00990nam a22003252a 4500
001 001700934
003 CZ BrMZK
005 20190811173036.0
007 ta
008 190811s1987 xr er|||||||||||cze d
015 |a cnb000041505 
020 |q (Brož.) :  |c 18 Kčs 
035 |a (OCoLC)39402979 
040 |a ABA001  |b cze  |d ABA001  |d BOA001 
080 9 |a 687.016 
080 9 |a 746.4 
100 1 |a Hrubá, Věra  |7 jn20001227299  |4 aut 
245 1 0 |a Pleteme pro celou rodinu /  |c sest. Věra Hrubá ; fot. Michael Duba 
250 |a 1. vyd. 
260 |a Praha :  |b TEPS místního hospodářství,  |c 1987 
300 |a 49 s. :  |b il. (převážně barev.) ;  |c 28 cm 
490 1 |a Dana 
500 |a 100000 výt. 
655 7 |a příručky  |7 fd133209  |2 czenas 
700 1 |a Duba, Michael  |7 jo2003197052  |4 pht 
830 0 |a Dana  |0 s 
910 |a BOA001  |b X2-0925.505 
990 |a BK 
991 |b 201908 
996 6 |b 2618822021  |c X2-0925.505  |l MZK  |r Sklad / do 24 hodin  |n 0  |w 001747598  |u 000010  |a 1  |e BOA001  |j MZK50  |s P